Normal view
MARC view
Entry Personal Name
001 - CONTROL NUMBER
- control field: 215209
003 - CONTROL NUMBER IDENTIFIER
- control field: OSt
005 - DATE AND TIME OF LATEST TRANSACTION
- control field: 20220924143246.0
008 - FIXED-LENGTH DATA ELEMENTS
- fixed length control field: 220924|| aca||aabn | a|a d
040 ## - CATALOGING SOURCE
- Original cataloging agency: OSt
- Transcribing agency: OSt
100 ## - HEADING--PERSONAL NAME
- Personal name: Saleha Abid hussain
670 ## - SOURCE DATA FOUND
- Source citation: Work cat.: (OSt)453801: Saleha Abid hussain , Jane walon ki yaad aati hai, 1974
